Xây dựng Đảng về tổ chức T.1
Xây dựng hệ thống tổ chức bộ máy của Đảng; nguyên tắc tập trung dân chủ trong Đảng; tự phê bình và phê bình của Đảng và đoàn kết thống nhất trong Đảng.
Đã lưu trong:
| Tác giả chính: | |
|---|---|
| Định dạng: | Sách |
| Năm xuất bản: |
H.
Chính trị Quốc gia
2001
|
| Chủ đề: | |
| Tags: |
Thêm thẻ
Không có thẻ, Hãy là người đầu tiên gắn thẻ bản ghi này!
|
| LEADER | 01447nam a2200217 4500 | ||
|---|---|---|---|
| 082 | |a 335.4346 |b NG450Đ | ||
| 100 | |a Ngô Đức Tính | ||
| 245 | |a Xây dựng Đảng về tổ chức |c Ngô Đức Tính |n T.1 | ||
| 260 | |a H. |b Chính trị Quốc gia |c 2001 | ||
| 300 | |a 155 tr. |c 19 cm. | ||
| 520 | |a Xây dựng hệ thống tổ chức bộ máy của Đảng; nguyên tắc tập trung dân chủ trong Đảng; tự phê bình và phê bình của Đảng và đoàn kết thống nhất trong Đảng. | ||
| 653 | |a Đảng Cộng sản Việt Nam | ||
| 653 | |a Xây dựng | ||
| 653 | |a Tổ chức | ||
| 942 | |2 ddc |c STK0 | ||
| 999 | |c 8544 |d 8544 | ||
| 952 | |0 0 |1 0 |2 ddc |4 0 |6 335_434600000000000_NG450Đ |7 0 |8 300 |9 70403 |a qbu |b qbu |c D2 |d 2015-04-09 |g 11500 |o 335.4346 NG450Đ |p 8748.c1 |r 0000-00-00 |w 2015-04-09 |y STK0 | ||
| 952 | |0 0 |1 0 |2 ddc |4 0 |6 335_434600000000000_NG450Đ |7 0 |8 300 |9 70404 |a qbu |b qbu |c D2 |d 2015-04-09 |g 11500 |o 335.4346 NG450Đ |p 8748.c2 |r 0000-00-00 |w 2015-04-09 |y STK0 | ||
| 952 | |0 0 |1 0 |2 ddc |4 0 |6 335_434600000000000_NG450Đ |7 0 |8 300 |9 70405 |a qbu |b qbu |c D2 |d 2015-04-09 |g 11500 |o 335.4346 NG450Đ |p 8748.c3 |r 0000-00-00 |w 2015-04-09 |y STK0 | ||
| 952 | |0 0 |1 0 |2 ddc |4 0 |6 335_434600000000000_NG450Đ |7 0 |8 300 |9 70406 |a qbu |b qbu |c D2 |d 2015-04-09 |g 11500 |o 335.4346 NG450Đ |p 8748.c4 |r 0000-00-00 |w 2015-04-09 |y STK0 | ||
| 952 | |0 0 |1 0 |2 ddc |4 0 |6 335_434600000000000_NG450Đ |7 0 |8 300 |9 70407 |a qbu |b qbu |c D2 |d 2015-04-09 |g 11500 |o 335.4346 NG450Đ |p 8748.c5 |r 0000-00-00 |w 2015-04-09 |y STK0 | ||